000 00825nam a2200241Ia 4500
003 OSt
005 20220923220929.0
006 a|||||r|||| 00| 0
007 ta
008 220922b |||||||| |||| 00| 0 hin d
024 _a192,370
037 _cTextual
040 _aARTS
_cARTS
_bhin
041 _2hin
_ahin
082 _aT4.273, 152N7
100 _aशर्मा, नागेश्वर प्रसाद
245 0 _aबिहार के ढहते विश्वविद्यालय
246 _aBihār ke ḍhahate vishvavidyālaya
260 _aपटना
_b अनु प्रकाशन
_c1997
300 _a322पृ. ¼ifjf'kV 12½
_ccm.
942 _hT4.273, 152N7
_cTEXL
_2CC
999 _c344990
_d344990